Cartilla al Impuesto al Valor Agregado

Detalles Bibliográficos
Autor principal: Zuluaga Potes, Jorge Hernǹ
Formato: eBook
Lenguaje:español
Publicado: Bogot ̀: ECOE, 2013
Materias:
Acceso en línea:http://www.vlex.com/source/11265

MARC

LEADER 00000nam a22000007a 4500
005 20130611173531.0
007 cr|||| ||||
008 130611e2013 ck |||||s|||| 00||0 spa d
020 |a 978-958-648-871-6 
035 |a 11265 
040 |a vLex 
090 |c 4308  |d 4308 
100 1 0 |a Zuluaga Potes, Jorge Hernǹ  
245 1 0 |a Cartilla al Impuesto al Valor Agregado  |c / Jorge Hernǹ Zuluaga Potes   |h [Recurso electrn̤ico]  
256 |a Servicio en ln̕ea 
260 |a Bogot ̀:  |b ECOE,   |c 2013 
300 |a 1 Recurso electrn̤ico 
506 |a Contenido solo disponible en los productos indicados  |d vLex Global   |d vLex Global (Academic Edition, excluding Law Schools)  |d vLex Global (U.S. Academic Edition, Law Schools)  |d vLex Global (U.S. Academic Edition, excluding Law Schools)  |d vLex Global (Academic Edition, Law Schools) 
650 4 |a Derecho tributario  |z Colombia 
740 |a vLex Libros (Servicio en ln̕ea) 
856 |a Acceso restringido  |u http://www.vlex.com/source/11265 
942 |c BOOK 
999 0 |a Taxation